[Event "Tanta op 5th"]
[Site "Tanta"]
[Date "2002.05.20"]
[Round "7"]
[White "Sameeh, Hany"]
[Black "Halkias, Stelios"]
[Result "1-0"]
[WhiteElo "2333"]
[BlackElo "2566"]
[PlyCount "131"]
[EventDate "2002.05.13"]
[EventType "swiss"]
[EventRounds "9"]
[EventCountry "EGY"]
[SourceTitle "CBM 088 Extra"]
[Source "ChessBase"]
[SourceDate "2002.07.01"]
[SourceVersion "2"]
[SourceVersionDate "2002.07.01"]
[SourceQuality "1"]

1. e4 c5 2. Nf3 Nc6 3. d4 cxd4 4. Nxd4 Nf6 5. Nc3 e5 6. Ndb5 d6 7. Bg5 a6 8. Na3 b5 9. Bxf6 gxf6 10. Nd5 Bg7 11. Bd3 Ne7 12. Nxe7 Qxe7 13. 0-0 f5 14. c3 0-0 15. Nc2 f4 16. a4 bxa4 17. Rxa4 Qg5 18. Qe2 Bf6 19. Nb4 Kh8 20. Nd5 Bd8 21. f3 Rg8 22. Rf2 Qh5 23. Qf1 Be6 24. Rc2 Rg5 25. Kh1 Qg6 26. b4 Rh5 27. c4 Qh6 28. Qg1 Bh4 29. Bf1 Bg3 30. h3 Rg8 31. Ne7 Re8 32. Nf5 Rxf5 33. exf5 Bxf5 34. Rd2 Be1 35. Rd5 Rg8 36. Qb6 Rg6 37. Rxa6 Qh5 38. Rxd6 Bxh3 39. Qd8+ Kg7 40. Rxg6+ fxg6 41. Qf6+ Kh6 42. Qf8+ Kg5 43. Qe7+ Kh6 44. Qf8+ Kg5 45. Qd8+ Kh6 46. gxh3 Qxf3+ 47. Bg2 Qe3 48. Qf8+ Kg5 49. Qc5 Qe2 50. Qg1 Bg3 51. Qf1 Qe3 52. Ra5 Kh4 53. Qf3 Qe1+ 54. Bf1 h5 55. Qe2 Qb1 56. Rxe5 g5 57. Rd5 Qa1 58. Rd1 Qf6 59. Bg2 g4 60. Qd2 f3 61. Qd8 fxg2+ 62. Kxg2 gxh3+ 63. Kh1 Qxd8 64. Rxd8 h2 65. c5 Kh3 66. c6 1-0